| 000 | 02192nam a2200337 i 4500 | ||
|---|---|---|---|
| 001 | 768714001 | ||
| 003 | CO-MdFUSB | ||
| 005 | 20220328101501.0 | ||
| 007 | ta | ||
| 008 | 220121t2020 ck |||| |||| 00| 0 spa d | ||
| 020 | _a9781950417445 | ||
| 040 |
_aCO-MdFUSB _bspa _cCO-MdFUSB _dCO-MdFUSBC _erda |
||
| 041 |
_aspa _heng |
||
| 082 |
_223 _a230 _bF813 |
||
| 100 |
_aFrame, John M., _eautor |
||
| 240 | _aSalvation belongs to the Lord: an introduction to Systematic theology | ||
| 245 | 1 | 3 |
_aLa salvación es del Señor : _buna introducción a la teología sistemática _c/ John M., Frame |
| 264 | 1 |
_aColombia : _bPoiema, _c[2020] |
|
| 264 | 4 | _c© 2020 | |
| 300 |
_a437 páginas _c; 23 cm |
||
| 336 |
_2rdacontent _atexto _btxt |
||
| 337 |
_2rdamedia _asin mediación _bn |
||
| 338 |
_2rdacarrier _avolumen _bnc |
||
| 505 |
_tParte uno: _aDios, el Señor. -- Quién es Dios y qué hace. -- Dios, tres en uno. -- La Palabra de Dios. -- La autoridad de la Biblia. -- ¿Qué es la teología? -- El hombre, la imagen de Dios. -- Pecado y maldad. -- Los pactos de Dios. -- ¿Quién es Cristo Jesús? -- ¿Qué hizo Jesus? -- El Espíritu Santo. |
||
| 505 |
_tParte dos: _aElección, llamado y regeneración. -- Fe y arrepentimiento. -- Justificación y adopción. -- Santificación y seguridad de salvación. -- Perseverancia y glorificación. -- La naturaleza de la iglesia. -- La tarea de la iglesia. -- Los medios de gracia. -- Los sacramentos. -- El cielo y el infierno. -- Los eventos de los últimos días. -- Entonces ¿Cómo viviremos? -- Resumen y conclusión. |
||
| 520 | _aEsta clara introducción a las doctrinas de las Escrituras será muy bien recibida por líderes de iglesia y estudiantes de teología que estén buscando una guía de teología o una herramienta pedagógica. Escrito con un estilo casi conversacional, La salvación es del Señor explora las principales verdades bíblicas, explica los términos clave que tienen que ver con la teología sistemática y reflexiona en las implicaciones y en las conexiones que esta tiene con el señorío de Cristo. | ||
| 563 | _aRústico | ||
| 653 | _aTeología sistemática | ||
| 942 | _cBK | ||
| 945 | _aJTF-925 | ||
| 999 |
_c67106 _d67106 |
||